[Event "Medellin de La Raza U2000 op"]
[Site "Medellin"]
[Date "2023.10.14"]
[Round "5"]
[White "Bennett, Zac"]
[Black "Suaza Builes, Oscar A"]
[Result "0-1"]
[WhiteElo "1209"]
[BlackElo "1469"]
[PlyCount "20"]
[EventDate "2023.10.12"]
[EventType "swiss"]
[EventRounds "9"]
[EventCountry "COL"]
[SourceTitle "Mega2024 Update 01"]
[Source "Chessbase"]
[SourceDate "2023.11.12"]
[SourceVersion "1"]
[SourceVersionDate "2023.11.12"]
[SourceQuality "1"]

1. d4 c6 2. c4 d5 3. Nf3 Nf6 4. e3 dxc4 5. Bxc4 e6 6. Nc3 Bb4 7. 0-0 Ne4 8. Nxe4 f5 9. h3 fxe4 10. Bd2 Bxd2 0-1

[Event "Medellin de La Raza U2000 op"]
[Site "Medellin"]
[Date "2023.10.14"]
[Round "4"]
[White "Ramirez, Francisco Javier"]
[Black "Bennett, Zac"]
[Result "0-1"]
[WhiteElo "1815"]
[BlackElo "1209"]
[PlyCount "89"]
[EventDate "2023.10.12"]
[EventType "swiss"]
[EventRounds "9"]
[EventCountry "COL"]
[SourceTitle "Mega2024 Update 01"]
[Source "Chessbase"]
[SourceDate "2023.11.12"]
[SourceVersion "1"]
[SourceVersionDate "2023.11.12"]
[SourceQuality "1"]

1. e4 c5 2. Nc3 Nc6 3. f4 d6 4. h3 e6 5. Nf3 Nd4 6. Bc4 Be7 7. 0-0 Nf6 8. Re1 h5 9. d3 a6 10. a4 Bd7 11. e5 Nxf3+ 12. Qxf3 Bc6 13. Qg3 h4 14. Qg5 Nh5 15. Qg4 d5 16. Bb3 c4 17. dxc4 dxc4 18. Ba2 Bc5+ 19. Kh2 Rh6 20. f5 exf5 21. Qxf5 Rg6 22. Ne4 Ng3 23. Nd6+ Bxd6 24. exd6+ Kf8 25. Qf4 Nh5 26. Qf2 Rxg2+ 27. Qxg2 Qxd6+ 28. Kg1 Bxg2 29. Kxg2 Qg3+ 30. Kf1 Qh2 31. Re3 Qf4+ 32. Ke1 Qh2 33. Bxc4 Rd8 34. Bd3 Qg1+ 35. Kd2 Nf4 36. Ra3 Qf2+ 37. Kd1 Nxd3 38. Raxd3 Rxd3+ 39. Rxd3 f6 40. Be3 Qf3+ 41. Kd2 Qc6 42. b3 g5 43. c4 Kf7 44. c5 Qg2+ 45. Kc3 0-1

[Event "Medellin de La Raza U2000 op"]
[Site "Medellin"]
[Date "2023.10.12"]
[Round "1"]
[White "Bennett, Zac"]
[Black "Osorio Ruiz, Juan Carlos"]
[Result "0-1"]
[WhiteElo "1209"]
[BlackElo "1669"]
[PlyCount "38"]
[EventDate "2023.10.12"]
[EventType "swiss"]
[EventRounds "9"]
[EventCountry "COL"]
[SourceTitle "Mega2024 Update 01"]
[Source "Chessbase"]
[SourceDate "2023.11.12"]
[SourceVersion "1"]
[SourceVersionDate "2023.11.12"]
[SourceQuality "1"]

1. d4 e6 2. c4 Nf6 3. g3 d5 4. Bg2 Be7 5. Nf3 Nbd7 6. 0-0 0-0 7. Qc2 c6 8. Bf4 Ne4 9. Ne5 f5 10. h4 g5 11. hxg5 Bxg5 12. Nxd7 Bxd7 13. Be5 Bf6 14. Bxf6 Qxf6 15. e3 Be8 16. cxd5 cxd5 17. Nd2 Bb5 18. Rfd1 Rac8 19. Qb3 Be2 0-1

[Event "Auckland Waitangi op"]
[Site "Auckland"]
[Date "2023.02.05"]
[Round "5"]
[White "Bennett, Zac"]
[Black "Hwang, Ryan"]
[Result "0-1"]
[WhiteElo "1163"]
[BlackElo "1416"]
[PlyCount "96"]
[EventDate "2023.02.03"]
[EventType "swiss"]
[EventRounds "6"]
[EventCountry "NZL"]
[SourceTitle "EXT 2024"]
[Source "ChessBase"]
[SourceDate "2023.10.10"]
[SourceVersion "1"]
[SourceVersionDate "2023.10.10"]
[SourceQuality "1"]

1. d4 Nf6 2. c4 g6 3. g3 Bg7 4. Nc3 0-0 5. Bg2 d6 6. Nf3 Nbd7 7. 0-0 c5 8. dxc5 Nxc5 9. Nd2 Rb8 10. Qc2 Bf5 11. e4 Be6 12. b3 Qd7 13. Bb2 Rfc8 14. Nd5 Nxd5 15. Bxg7 Kxg7 16. cxd5 Bh3 17. Qc3+ Kg8 18. Qe3 Bxg2 19. Kxg2 a5 20. Qh6 Qg4 21. f3 Qd7 22. Nc4 Qc7 23. Rac1 b5 24. Ne3 Qb6 25. Ng4 Nd3 26. Rxc8+ Rxc8 27. Qd2 Nb4 28. Rc1 Rxc1 29. Qxc1 Qc5 30. Qd2 Qc2 31. Qxc2 Nxc2 32. Kf2 a4 33. Ne3 axb3 34. axb3 Nd4 35. b4 Kg7 36. f4 h5 37. h4 Kf6 38. Ke1 e5 39. fxe5+ Kxe5 40. Kd2 Kxe4 41. Nc2 Nxc2 42. Kxc2 Kf3 43. Kd3 Kxg3 44. Ke4 f5+ 45. Ke3 f4+ 46. Ke2 f3+ 47. Kf1 f2 48. Ke2 Kg2 0-1